000
00291nam a22001337a 4500
008
180215b xxu||||| |||| 00| 0 eng d
020
_a
604079001
041
_a
eng
080
_a
615.83 KLA
100
_a
8
101
_a
EKZF
245
_a
Basic sport science
_c
Klausen,K
942
_2
udc
_c
BK
999
_c
42666
_d
42666